[Event "17. Bayer Open"]
[Site "Leverkusen"]
[Date "2019.03.25"]
[Round "7.19"]
[White "Schläbitz, Joel"]
[Black "Höfer, Severin Paul"]
[Result "0-1"]
[WhiteElo "1632"]
[BlackElo "1919"]
[PlyCount "100"]
[EventDate "2019.??.??"]
[WhiteTeam "SF Köln-Longerich"]
[BlackTeam "SF Stadtverwaltung Bonn"]

1. d4 e6 2. c4 b6 3. Nf3 Bb7 4. g3 Bb4+ 5. Nc3 Nf6 6. Bd2 c5 7. Nb5 Bxd2+ 8.
Qxd2 Ne4 9. Qf4 O-O 10. Bg2 a6 11. Nc7 Ra7 12. d5 d6 13. Nxe6 fxe6 14. Qxe4
exd5 15. Qe6+ Kh8 16. cxd5 Bc8 17. Qe3 Re7 18. Qd2 Qe8 19. Kf1 a5 20. h4 Ba6
21. Re1 h6 22. Ng5 hxg5 23. hxg5+ Kg8 24. Bh3 Qg6 25. Be6+ Rxe6 26. dxe6 Nc6
27. Qd5 Ne7 28. Qxd6 Qxg5 29. Kg2 Bb7+ 30. f3 Ng6 31. Kf2 Qf6 32. Rhf1 Rd8 33.
Qxb6 Qd4+ 34. Kg2 Nh4+ 35. gxh4 Qg4+ 36. Kf2 Qxh4+ 37. Kg2 Rd5 38. Rg1 Rg5+ 39.
Kf1 Rxg1+ 40. Kxg1 Qxe1+ 41. Kh2 Qxe2+ 42. Kg3 Qxf3+ 43. Kh4 Qf4+ 44. Kh3 Qf1+
45. Kg3 Qg2+ 46. Kf4 Qf3+ 47. Kg5 Qg3+ 48. Kf5 g6+ 49. Kf6 Qh4+ 50. Ke5 Qd4#
0-1

[Event "17. Bayer Open"]
[Site "Leverkusen"]
[Date "2019.03.25"]
[Round "7.21"]
[White "Ziabari, Morteza"]
[Black "Morschel, Steffen"]
[Result "1/2-1/2"]
[WhiteElo "1891"]
[BlackElo "1744"]
[PlyCount "24"]
[EventDate "2019.??.??"]
[WhiteTeam "Kettwiger SG"]
[BlackTeam "SV Horrem"]

1. e4 e6 2. d4 d5 3. e5 c5 4. c3 Nc6 5. Nf3 Nge7 6. Bb5 Bd7 7. Qe2 cxd4 8. cxd4
Nf5 9. Be3 Bb4+ 10. Nc3 Qa5 11. O-O Bxc3 12. bxc3 Nxe5 1/2-1/2

[Event "17. Bayer Open"]
[Site "Leverkusen"]
[Date "2019.03.25"]
[Round "7.22"]
[White "Ipekyilmaz, Tayfun"]
[Black "Moors, Christoph"]
[Result "1/2-1/2"]
[WhiteElo "1687"]
[BlackElo "1968"]
[PlyCount "21"]
[EventDate "2019.??.??"]
[WhiteTeam "Langenfelder SF"]
[BlackTeam "SC Erkrath"]

1. e4 e5 2. f4 exf4 3. Nf3 Nf6 4. e5 Nh5 5. Bc4 d6 6. O-O Be7 7. d4 O-O 8. Nc3
g6 9. Nd5 Nc6 10. Nxf4 Nxf4 11. Bxf4 1/2-1/2

[Event "17. Bayer Open"]
[Site "Leverkusen"]
[Date "2019.03.25"]
[Round "7.23"]
[White "Vulic, Goran"]
[Black "Witte, Volker"]
[Result "1-0"]
[WhiteElo "1822"]
[BlackElo "1601"]
[PlyCount "81"]
[EventDate "2019.??.??"]
[WhiteTeam "Brühler SK"]
[BlackTeam "SF Schlebusch"]

1. e4 c6 2. d4 d5 3. exd5 cxd5 4. Nf3 Nf6 5. h3 e6 6. Bd3 Be7 7. Nc3 O-O 8. Bf4
Nc6 9. O-O a6 10. Rb1 b5 11. Re1 Qb6 12. Re3 g6 13. Ne2 Nb4 14. Ne5 Nxd3 15.
Qxd3 Ne4 16. Bh6 Rd8 17. Ng3 Bb7 18. c3 Bf8 19. Bxf8 Rxf8 20. Nd7 Qa5 21. Nxf8
Rxf8 22. a3 Qb6 23. h4 Qd8 24. h5 g5 25. Rbe1 f5 26. Nf1 Bc8 27. f3 f4 28. R3e2
Nf6 29. g4 h6 30. Qg6+ Kh8 31. Qxh6+ Nh7 32. Rxe6 Bxe6 33. Qxe6 Rf6 34. Qe8+
Qxe8 35. Rxe8+ Kg7 36. Rd8 Re6 37. Kf2 Nf6 38. Nd2 Kf7 39. Nb3 Ke7 40. Nc5 Kxd8
41. Nxe6+ 1-0

[Event "17. Bayer Open"]
[Site "Leverkusen"]
[Date "2019.03.25"]
[Round "7.25"]
[White "Gnass, Arno"]
[Black "Blumenthal, Ralf"]
[Result "0-1"]
[WhiteElo "1592"]
[BlackElo "1827"]
[PlyCount "83"]
[EventDate "2019.??.??"]
[WhiteTeam "Bergische SF"]
[BlackTeam "SK Turm Euskirchen"]

1. d4 Nf6 2. Bf4 c5 3. dxc5 Qa5+ 4. Qd2 Qxc5 5. Nc3 d6 6. e3 Nc6 7. Nf3 h6 8.
a3 a5 9. Bb5 Bd7 10. a4 g5 11. Bg3 Bg7 12. O-O-O O-O 13. Qd3 Be6 14. h4 Bf5 15.
e4 Bg6 16. hxg5 hxg5 17. Nd5 Nxd5 18. Qxd5 Qb4 19. Qb3 Qxb3 20. cxb3 g4 21. Nd2
Nd4 22. Bc4 Bf6 23. Bh4 Kg7 24. Bxf6+ Kxf6 25. Rh4 e5 26. Rdh1 Kg5 27. f3 gxf3
28. gxf3 Rac8 29. Rg4+ Kf6 30. f4 Ne2+ 31. Kb1 Nxf4 32. Bd5 Nxd5 33. Rf1+ Nf4
34. Nc4 Bxe4+ 35. Ka2 Bd3 36. Rh1 Bxc4 37. bxc4 Rxc4 38. Kb3 Rb4+ 39. Ka3 Nd3
40. Rg2 Nc5 41. Rf1+ Ke6 42. b3 0-1

[Event "17. Bayer Open"]
[Site "Leverkusen"]
[Date "2019.03.25"]
[Round "7.26"]
[White "Beyer, Fabian"]
[Black "Lasser, Rene"]
[Result "1-0"]
[WhiteElo "1718"]
[BlackElo "1410"]
[PlyCount "65"]
[EventDate "2019.??.??"]
[WhiteTeam "SG Solingen"]
[BlackTeam "Königsspringer Leverkusen"]

1. d4 Nf6 2. c4 e5 3. dxe5 Ne4 4. Qd5 Bb4+ 5. Nd2 Nxd2 6. Bxd2 Nc6 7. Nf3 O-O
8. e3 d6 9. exd6 Bxd6 10. a3 Bg4 11. Be2 Qf6 12. Bc3 Qh6 13. Qg5 Be5 14. Qxg4
Bxc3+ 15. bxc3 f5 16. Qg5 Qd6 17. O-O Rae8 18. Rfd1 Qe6 19. Qf4 Qe7 20. Rd5 Qf6
21. Rad1 h6 22. Bd3 Qxc3 23. Qxc7 f4 24. e4 Qxa3 25. Rd7 Qc3 26. e5 Re7 27.
Rxe7 Nxe7 28. Qxe7 Qb3 29. Be2 Qc2 30. Rd2 Qb1+ 31. Bf1 Qg6 32. Bd3 Qg4 33. h3
1-0

[Event "17. Bayer Open"]
[Site "Leverkusen"]
[Date "2019.03.25"]
[Round "7.27"]
[White "Hasanovic, Huzeir"]
[Black "Schimpf, Rolf"]
[Result "0-1"]
[WhiteElo "1534"]
[BlackElo "1660"]
[PlyCount "66"]
[EventDate "2019.??.??"]
[WhiteTeam "SV Opladen"]
[BlackTeam "SC Bayer Leverkusen"]

1. e4 d5 2. exd5 Qxd5 3. d4 c6 4. Nc3 Qa5 5. Nf3 Nf6 6. Bd3 Bg4 7. O-O e6 8. h3
Bh5 9. Bd2 Qc7 10. Ne4 Nbd7 11. Bg5 Be7 12. g4 Bg6 13. Re1 O-O-O 14. c3 Bxe4
15. Bxe4 h6 16. Bh4 g5 17. Bg3 Bd6 18. Bxd6 Qxd6 19. Kg2 Nxe4 20. Rxe4 Nf6 21.
Re5 Nd5 22. Nd2 f6 23. Nc4 Nf4+ 24. Kf1 Qc7 25. Re3 Rh7 26. b4 Rdh8 27. a4 h5
28. a5 hxg4 29. Qxg4 Rxh3 30. Rg3 Rh1+ 31. Rg1 Rxg1+ 32. Kxg1 Qh7 33. Kf1 Qd3+
0-1

[Event "17. Bayer Open"]
[Site "Leverkusen"]
[Date "2019.03.25"]
[Round "7.28"]
[White "Jiritschka, Wolfgang"]
[Black "Meyer, Stefan"]
[Result "1-0"]
[WhiteElo "1795"]
[BlackElo "1756"]
[PlyCount "37"]
[EventDate "2019.??.??"]
[WhiteTeam "SC Bayer Leverkusen"]
[BlackTeam "Ratinger SK"]

1. c4 Nf6 2. Nf3 e6 3. g3 d5 4. Bg2 Be7 5. O-O O-O 6. d4 dxc4 7. Qa4 Bd7 8.
Qxc4 Bc6 9. Nc3 Nbd7 10. Rd1 Nb6 11. Qd3 Nbd5 12. Ne5 Be8 13. a3 Rb8 14. e4
Nxc3 15. Qxc3 c5 16. Be3 cxd4 17. Rxd4 Rc8 18. Rxd8 Rxc3 19. Rxe8 1-0

[Event "17. Bayer Open"]
[Site "Leverkusen"]
[Date "2019.03.25"]
[Round "7.29"]
[White "Janssen, Wolfgang"]
[Black "Pyrowicz, Jacek"]
[Result "1-0"]
[WhiteElo "1573"]
[BlackElo "1788"]
[PlyCount "63"]
[EventDate "2019.??.??"]
[WhiteTeam "SV Dormagen"]
[BlackTeam "SV Springer Hitdorf"]

1. e4 c5 2. Nf3 Nc6 3. d3 Nf6 4. g3 d5 5. Nbd2 Bg4 6. Bg2 e6 7. O-O Be7 8. Re1
O-O 9. c3 dxe4 10. dxe4 Ne5 11. Qc2 Nfd7 12. h3 Bh5 13. g4 Bg6 14. Nxe5 Nxe5
15. f4 Nd3 16. Rf1 f5 17. gxf5 exf5 18. e5 Rb8 19. Rf3 Ne1 20. Qb3+ Bf7 21. e6
Nxf3+ 22. Nxf3 Bh5 23. Ne5 Be8 24. Be3 b5 25. Rd1 Qc7 26. Rd7 Bxd7 27. Nxd7 c4
28. Qd1 Rbd8 29. Bd4 Rfe8 30. Qf3 Kh8 31. Qh5 Rxd7 32. Qxe8+ 1-0

[Event "17. Bayer Open"]
[Site "Leverkusen"]
[Date "2019.03.25"]
[Round "7.32"]
[White "Schäde, Maximilian"]
[Black "Milz, Ulrich"]
[Result "1-0"]
[WhiteElo "1839"]
[BlackElo "1379"]
[PlyCount "101"]
[EventDate "2019.??.??"]
[WhiteTeam "SF Brackel"]
[BlackTeam "SC Bayer Leverkusen"]

1. d4 e6 2. c4 b6 3. e4 Bb7 4. Bd3 Nc6 5. Nf3 Nb4 6. O-O Nxd3 7. Qxd3 h6 8. Nc3
a5 9. a3 Ne7 10. Re1 Ng6 11. Be3 Be7 12. Nd2 Bg5 13. e5 Nf4 14. Bxf4 Bxf4 15.
g3 Bxd2 16. Qxd2 O-O 17. f4 f5 18. Re3 Ba6 19. b3 Qe7 20. d5 Rfd8 21. Qd4 Rab8
22. b4 c5 23. Qd3 d6 24. exd6 Qxd6 25. b5 Bc8 26. Qe2 Kf7 27. dxe6+ Bxe6 28.
Rd1 Qe7 29. Re1 Qf6 30. Rxe6 Qxc3 31. Re7+ Kf8 32. Qh5 Qf6 33. R7e6 Qf7 34. Qf3
Re8 35. Qc6 Red8 36. R1e2 Qd7 37. Qxd7 Rxd7 38. R6e5 g6 39. Re6 Kf7 40. Rc6 g5
41. fxg5 hxg5 42. Ree6 f4 43. Rf6+ Ke7 44. Rce6+ Kd8 45. Rf8+ Kc7 46. Rc6+ Kb7
47. Rxb8+ Kxb8 48. Rxb6+ Rb7 49. Rxb7+ Kxb7 50. gxf4 gxf4 51. h4 1-0

[Event "17. Bayer Open"]
[Site "Leverkusen"]
[Date "2019.03.25"]
[Round "7.33"]
[White "Kronseder, Michael"]
[Black "Paul, André David"]
[Result "1/2-1/2"]
[WhiteElo "1655"]
[BlackElo "1658"]
[PlyCount "104"]
[EventDate "2019.??.??"]
[WhiteTeam "SV Hürth-Berrenrath"]
[BlackTeam "Kölner SK Dr. Lasker"]

1. e4 e6 2. d4 d5 3. Nc3 c6 4. Nf3 Bb4 5. Bd3 dxe4 6. Bxe4 Nf6 7. Bd3 Nbd7 8.
O-O O-O 9. Be3 Re8 10. Ne2 Bd6 11. Ng3 Qc7 12. c4 b6 13. Rc1 Bb7 14. c5 Bf4 15.
b4 b5 16. Ng5 Nf8 17. N5e4 Nxe4 18. Bxf4 Qxf4 19. Nxe4 a6 20. Nd6 Re7 21. Re1
g6 22. Re4 Qh6 23. Re3 Bc8 24. Qf3 Bd7 25. Qf6 Rae8 26. Rce1 Bc8 27. Nxe8 Rxe8
28. Rf3 Qg7 29. Qxg7+ Kxg7 30. Be4 Bd7 31. Ra3 Ra8 32. Ree3 f5 33. Bf3 g5 34.
g3 f4 35. Rec3 Ng6 36. Ra5 e5 37. Rca3 exd4 38. Rxa6 Rxa6 39. Rxa6 Ne5 40. Bd1
f3 41. Ra7 g4 42. Kf1 Kf6 43. Ke1 Bf5 44. Kd2 Nc4+ 45. Kc1 d3 46. Bb3 Ke5 47.
Bxc4 bxc4 48. Kd2 Kd4 49. Ra3 Be4 50. Rc3 Bd5 51. a4 Be6 52. a5 Bc8 1/2-1/2

[Event "17. Bayer Open"]
[Site "Leverkusen"]
[Date "2019.03.25"]
[Round "7.34"]
[White "Ramien, Dina"]
[Black "Axmann, Michael"]
[Result "1/2-1/2"]
[WhiteElo "1548"]
[BlackElo "1709"]
[PlyCount "49"]
[EventDate "2019.??.??"]
[WhiteTeam "SG Porz"]
[BlackTeam "SC Bayer Leverkusen"]

1. e4 e6 2. d4 d5 3. exd5 exd5 4. Nf3 Nf6 5. Bd3 Be7 6. O-O Bg4 7. Nbd2 Nbd7 8.
c4 c6 9. Qc2 O-O 10. Ne5 h6 11. Nxg4 Nxg4 12. Nf3 dxc4 13. Bxc4 Nb6 14. Bb3 Nd5
15. h3 Ngf6 16. Be3 Bd6 17. Rfe1 Qd7 18. Nh4 Rae8 19. Nf5 Bf4 20. Bxf4 Nb4 21.
Qd2 Qxf5 22. Qxb4 Qxf4 23. Qxb7 Qxd4 24. Rxe8 Nxe8 25. Qxc6 1/2-1/2

[Event "17. Bayer Open"]
[Site "Leverkusen"]
[Date "2019.03.25"]
[Round "7.35"]
[White "Yon, Gregory"]
[Black "Bigott, Martin"]
[Result "1-0"]
[WhiteElo "1565"]
[BlackElo "1762"]
[PlyCount "117"]
[EventDate "2019.??.??"]
[WhiteTeam "Bergische SF"]
[BlackTeam "SF Lohmar"]

1. d4 d6 2. Bf4 Nf6 3. e3 c6 4. Nd2 Nbd7 5. Ngf3 Nh5 6. Bg5 h6 7. Bh4 g5 8. Bg3
Bg7 9. c3 e5 10. Be2 Nxg3 11. hxg3 d5 12. dxe5 Nxe5 13. Nxe5 Bxe5 14. Bh5 Be6
15. Qb3 Qc7 16. Qc2 Bxg3 17. fxg3 Qxg3+ 18. Kf1 Qxe3 19. Re1 Qf4+ 20. Nf3 O-O-O
21. Qf2 Qc4+ 22. Kg1 Qxa2 23. Ne5 Rdf8 24. Kh2 Qa5 25. Ra1 Qc7 26. Qg3 a6 27.
Rhe1 Rhg8 28. Nd3 g4 29. Qxc7+ Kxc7 30. Nf4 Rg5 31. Rxe6 Rxh5+ 32. Nxh5 fxe6
33. Kg3 e5 34. Kxg4 Rf2 35. g3 Rxb2 36. Kf5 e4 37. Kg6 Rc2 38. Kxh6 Rxc3 39. g4
Rc2 40. g5 Rg2 41. g6 e3 42. g7 d4 43. Nf4 Rxg7 44. Kxg7 c5 45. Kf6 Kd6 46. Kf5
d3 47. Nxd3 Kd5 48. Ra2 Kd4 49. Nf4 b5 50. Ne2+ Kd3 51. Nf4+ Kd4 52. Rxa6 b4
53. Rd6+ Kc3 54. Rd3+ Kc2 55. Rxe3 c4 56. Nd5 b3 57. Rc3+ Kd2 58. Rxc4 b2 59.
Nc3 1-0

[Event "17. Bayer Open"]
[Site "Leverkusen"]
[Date "2019.03.25"]
[Round "7.36"]
[White "Esser, Heinz"]
[Black "Kinnert, Reinhard"]
[Result "0-1"]
[WhiteElo "1324"]
[BlackElo "1603"]
[PlyCount "132"]
[EventDate "2019.??.??"]
[WhiteTeam "SV Dormagen"]
[BlackTeam "TV Witzhelden"]

1. c4 Nf6 2. g3 g6 3. Bg2 Bg7 4. Nc3 d6 5. e4 Nc6 6. Nge2 Be6 7. d3 O-O 8. O-O
Bg4 9. f3 Bd7 10. h3 a6 11. Kh2 Ne8 12. Rb1 f5 13. exf5 Rxf5 14. Nf4 Ne5 15.
Ncd5 e6 16. Ne3 Rf7 17. d4 Nc6 18. d5 exd5 19. cxd5 Ne5 20. Ne6 Bxe6 21. dxe6
Rf6 22. f4 Nc6 23. b3 Ne7 24. Nd5 Nxd5 25. Bxd5 Qe7 26. Bb2 Rf8 27. Qg4 c6 28.
Bg2 Bxb2 29. Rxb2 Nf6 30. Qg5 Qxe6 31. f5 Qe5 32. Rff2 Rae8 33. Rbe2 Qc5 34.
Rc2 Qe3 35. Qxe3 Rxe3 36. fxg6 hxg6 37. Rf4 Nh5 38. Re4 Re8 39. Rxe8+ Rxe8 40.
Rf2 Kg7 41. g4 Nf6 42. g5 Nd7 43. h4 Re3 44. Bf3 d5 45. Kg3 Ne5 46. Kf4 Re1 47.
Be2 Nd7 48. Ke3 Rh1 49. Rf4 c5 50. Bf3 Rh3 51. Kd2 Rh2+ 52. Be2 b5 53. a3 c4
54. bxc4 dxc4 55. Ke3 Nc5 56. Rd4 Rh3+ 57. Bf3 c3 58. Rd5 Nb3 59. Rd7+ Kf8 60.
Rc7 c2 61. Rxc2 Rxf3+ 62. Kxf3 Nd4+ 63. Kg4 Nxc2 64. h5 gxh5+ 65. Kxh5 Nxa3 66.
Kh6 Kg8 0-1

[Event "17. Bayer Open"]
[Site "Leverkusen"]
[Date "2019.03.25"]
[Round "7.38"]
[White "Hertling, Jürgen"]
[Black "Holz, Peter"]
[Result "1-0"]
[WhiteElo "1576"]
[BlackElo "1331"]
[PlyCount "67"]
[EventDate "2019.??.??"]
[WhiteTeam "Bergische SF"]
[BlackTeam "Pulheimer SC"]

1. d4 b6 2. c4 Bb7 3. Nc3 e6 4. e4 Bb4 5. Bd3 Nc6 6. Nf3 h6 7. O-O Nf6 8. e5
Nh7 9. Qc2 Ng5 10. Nxg5 hxg5 11. Ne2 Be7 12. a3 d6 13. Rd1 dxe5 14. dxe5 Nxe5
15. Be4 Qc8 16. b4 Ng4 17. h3 Ne5 18. f4 gxf4 19. Bxf4 Nc6 20. Rd3 g5 21. Qc3
Rf8 22. Bd2 f5 23. Bf3 Bf6 24. Bh5+ Ke7 25. Bxg5 e5 26. Bxf6+ Kxf6 27. Rf1 Ne7
28. Ng3 Qe6 29. Rd2 Rad8 30. Rdf2 Kg5 31. Bg4 Qd6 32. Nxf5 Nxf5 33. Bxf5 Rxf5
34. Qg3+ 1-0

[Event "17. Bayer Open"]
[Site "Leverkusen"]
[Date "2019.03.25"]
[Round "7.40"]
[White "Plitzner, Hans Joachim"]
[Black "Weirich, Ralf"]
[Result "1-0"]
[WhiteElo "1666"]
[BlackElo "1253"]
[PlyCount "53"]
[EventDate "2019.??.??"]
[WhiteTeam "Kölner SK Dr. Lasker"]
[BlackTeam "TV Witzhelden"]

1. c4 e5 2. Nc3 Nf6 3. g3 Bc5 4. Bg2 c6 5. Nf3 e4 6. Ng5 d5 7. d4 Bb6 8. c5 Bc7
9. O-O h6 10. Nh3 Bf5 11. f3 Qd7 12. Nf2 exf3 13. exf3 O-O 14. Be3 Na6 15. a3
Rfe8 16. Qd2 Kh7 17. Rfe1 b5 18. b4 Nb8 19. a4 Na6 20. Qb2 Nb8 21. axb5 cxb5
22. Bf1 a6 23. Nxb5 Nc6 24. Nxc7 Qxc7 25. Bxa6 Reb8 26. b5 Qd7 27. Bf4 1-0

[Event "17. Bayer Open"]
[Site "Leverkusen"]
[Date "2019.03.25"]
[Round "7.41"]
[White "Roder, Stephan"]
[Black "Hoeper, Heinz-Joachim"]
[Result "1-0"]
[WhiteElo "1437"]
[BlackElo "1365"]
[PlyCount "57"]
[EventDate "2019.??.??"]
[WhiteTeam "Bergische SF"]
[BlackTeam "Pulheimer SC"]

1. d4 g6 2. Nf3 Bg7 3. Bf4 d6 4. c3 Nf6 5. e3 O-O 6. Nbd2 b6 7. h3 Bb7 8. Qc2
Nbd7 9. Be2 Rc8 10. O-O c5 11. Qa4 Bc6 12. Bb5 Nb8 13. Bxc6 Nxc6 14. dxc5 dxc5
15. Rfd1 Nd7 16. Nf1 Qe8 17. Rd2 f6 18. Rad1 Nde5 19. Nxe5 fxe5 20. Bg3 Rd8 21.
Rxd8 Nxd8 22. Qxa7 Rf6 23. Qb8 Rd6 24. Rxd6 exd6 25. Qxd6 Nc6 26. e4 Bf8 27.
Qd5+ Kg7 28. Ne3 b5 29. Ng4 1-0

[Event "17. Bayer Open"]
[Site "Leverkusen"]
[Date "2019.03.25"]
[Round "7.42"]
[White "Wehr, Günter"]
[Black "Nölle, Nathalie"]
[Result "0-1"]
[WhiteElo "1417"]
[BlackElo "1327"]
[PlyCount "46"]
[EventDate "2019.??.??"]
[WhiteTeam "SV Opladen"]
[BlackTeam "Königsspringer Leverkusen"]

1. d4 d6 2. c4 Nf6 3. Nf3 g6 4. Nc3 Bg7 5. e4 O-O 6. Bd3 b6 7. Be3 Ng4 8. O-O
Nxe3 9. fxe3 c5 10. d5 Nd7 11. Rf2 Re8 12. Qe2 Nf8 13. Raf1 e6 14. Ng5 Qxg5 15.
Rxf7 Bh6 16. R1f3 Nd7 17. Qf2 Ne5 18. Rg3 Nxd3 19. Qf1 Qd8 20. Rf6 Ne5 21. dxe6
Bxe6 22. Nd5 Bxd5 23. exd5 Rf8 0-1

[Event "17. Bayer Open"]
[Site "Leverkusen"]
[Date "2019.03.25"]
[Round "7.43"]
[White "Marcziter, Alex"]
[Black "Balduan, Karl-Heinz"]
[Result "1-0"]
[WhiteElo "1183"]
[BlackElo "1500"]
[PlyCount "71"]
[EventDate "2019.??.??"]
[WhiteTeam "SG Porz"]
[BlackTeam "Königsspringer Leverkusen"]

1. e4 c5 2. Nf3 Nc6 3. d4 cxd4 4. Nxd4 e5 5. Nf3 d6 6. Be2 Be7 7. O-O Nf6 8.
Nc3 O-O 9. Be3 Ng4 10. Bd2 f5 11. Bc4+ Kh8 12. exf5 Bxf5 13. Re1 Nf6 14. Bg5
Nd7 15. Bxe7 Qxe7 16. Nd5 Qd8 17. Nc3 Nb6 18. Bd5 Nxd5 19. Nxd5 Bg4 20. c3 Bxf3
21. gxf3 Ne7 22. Kh1 Ng6 23. Rg1 Rf7 24. Qd3 Qf8 25. Rg3 Re8 26. Re1 b6 27. Rh3
Kg8 28. Rg1 Rf5 29. Qc4 Qf7 30. Qd3 Qe6 31. Nc7 e4 32. Qe3 Qf7 33. Nxe8 Rxf3
34. Rxf3 exf3 35. Nxd6 Qf8 36. Qe8 1-0

[Event "17. Bayer Open"]
[Site "Leverkusen"]
[Date "2019.03.25"]
[Round "7.44"]
[White "Fröhling, Ewald"]
[Black "Ramien, Hannah"]
[Result "0-1"]
[WhiteElo "1415"]
[BlackElo "1418"]
[PlyCount "62"]
[EventDate "2019.??.??"]
[WhiteTeam "Pulheimer SC"]
[BlackTeam "SG Porz"]

1. e4 e5 2. Nf3 Nc6 3. Bb5 a6 4. Ba4 d6 5. d4 b5 6. Bb3 Bg4 7. h3 Bh5 8. Qd3
Nf6 9. c3 h6 10. a4 Bxf3 11. Qxf3 exd4 12. O-O Be7 13. Re1 O-O 14. Qg3 Kh8 15.
Nd2 dxc3 16. bxc3 b4 17. cxb4 Nxb4 18. Qc3 a5 19. Nf3 d5 20. e5 Ne4 21. Qe3 c5
22. Ba2 Nc2 23. Qf4 Nxa1 24. Bb2 Nc2 25. Rd1 Nb4 26. Bxd5 Nxd5 27. Qxe4 Nc3 28.
Rxd8 Nxe4 29. Rd7 Rfe8 30. Kf1 Rad8 31. e6 fxe6 0-1

[Event "17. Bayer Open"]
[Site "Leverkusen"]
[Date "2019.03.25"]
[Round "7.45"]
[White "Elshani, Shaip"]
[Black "Teuber, Alfons"]
[Result "1-0"]
[WhiteElo "1524"]
[BlackElo "978"]
[PlyCount "65"]
[EventDate "2019.??.??"]
[WhiteTeam "SC Bayer Leverkusen"]
[BlackTeam "BSW Opladen"]

1. e4 e5 2. Nf3 d6 3. Bc4 Nc6 4. c3 Nf6 5. Ng5 Be6 6. Nxe6 fxe6 7. Bxe6 Nxe4 8.
O-O Ng5 9. Bd5 Qd7 10. d4 h6 11. Qh5+ Kd8 12. Bxg5+ Be7 13. Bxc6 Qxc6 14. Bxe7+
Kxe7 15. dxe5 g5 16. exd6+ Qxd6 17. Na3 Kf6 18. Rad1 Qf4 19. g3 Qf5 20. Nc4 g4
21. Qxf5+ Kxf5 22. Ne3+ Kg5 23. Rd5+ Kg6 24. Nxg4 Rae8 25. f4 h5 26. Ne5+ Kf6
27. Rd7 Re7 28. Rxe7 h4 29. Rf7+ Ke6 30. Rd1 hxg3 31. hxg3 Rh6 32. Rdd7 Rf6 33.
Rde7+ 1-0

[Event "17. Bayer Open"]
[Site "Leverkusen"]
[Date "2019.03.25"]
[Round "7.46"]
[White "Nölle, Michael"]
[Black "Klees, Robert"]
[Result "1-0"]
[WhiteElo "1442"]
[BlackElo "1318"]
[PlyCount "33"]
[EventDate "2019.??.??"]
[WhiteTeam "Königsspringer Leverkusen"]
[BlackTeam "SF Düsseldorf-Süd"]

1. d4 f5 2. Bf4 Nf6 3. e3 h6 4. Nd2 d6 5. Ngf3 Nh5 6. Bg3 Nxg3 7. hxg3 Be6 8.
Nh4 g5 9. Ng6 Rh7 10. Nf3 Bg7 11. Nxg5 Bf7 12. Nxf7 Kxf7 13. Qh5 Kf6 14. Nf4 e6
15. Qg6+ Ke7 16. Qxe6+ Kf8 17. Ng6# 1-0

[Event "17. Bayer Open"]
[Site "Leverkusen"]
[Date "2019.03.25"]
[Round "7.48"]
[White "Atar, Efecan"]
[Black "Kolleck, Wolf-Dietrich"]
[Result "1/2-1/2"]
[WhiteElo "962"]
[BlackElo "1468"]
[PlyCount "25"]
[EventDate "2019.??.??"]
[WhiteTeam "SK Kerpen"]
[BlackTeam "SC Bayer Leverkusen"]

1. d4 d5 2. c4 c6 3. Nf3 Nf6 4. Nc3 e6 5. c5 g6 6. Bf4 Nbd7 7. e3 b6 8. b4 Bb7
9. Bd3 h6 10. O-O Nh5 11. Bg3 Nxg3 12. fxg3 Bg7 13. Qc2 1/2-1/2

[Event "17. Bayer Open"]
[Site "Leverkusen"]
[Date "2019.03.25"]
[Round "7.50"]
[White "Kratz, Claudia"]
[Black "Azimi, Reza"]
[Result "1-0"]
[WhiteElo "951"]
[BlackElo "1239"]
[PlyCount "36"]
[EventDate "2019.??.??"]
[WhiteTeam "Brühler SK"]
[BlackTeam "Schachuzipus Köln-Mülheim"]

1. e4 c5 2. f4 e5 3. Nf3 d6 4. Bc4 Be6 5. Bxe6 fxe6 6. O-O exf4 7. e5 Nc6 8. d4
Qb6 9. Kh1 dxe5 10. dxe5 Nge7 11. Bxf4 Qxb2 12. Nbd2 Nf5 13. Nc4 Qb5 14. Qd3
Rd8 15. Nd6+ Nxd6 16. exd6 Qxd3 17. cxd3 Bxd6 18. Bxd6 Rxd6 1-0